000 00361cam a2200145ua 4500
041 _aeng
_h
082 _a822
_bMAC/JB
100 _aMcleish, Archibald .
245 _aJ B : A play inverse /
_cArchibald McLeish.
_hTextual Documents
260 _aLondon :
_bSecker & Warburg ,
_c1959.
300 _a127 ; .
504 _a
942 _cBK
999 _c5893
_d5893